00465cam a2200169 a 450000100100000000500170001000800410002702000150006804000230008308200200010610000280012624500450015426000350019930000210023465000180025565000220027300000959720200929161633.0000919s2000 mx 000 f spa d a9681906896 aDO-SdBNPcDLCdDLC aCu863.44bA334f1 aAlberto, Eliseo,d1951-13aLa fábula de José /cEliseo Alberto. aMéxico :bAlfaguara,cc2000. a270 p. ;c22 cm. 4aNovela cubana 4aLiteratura cubana